El delito de juegos prohibidos Anl̀isis histr̤ico-jurd̕ico /

Detalles Bibliográficos
Autor principal: Pino Abad, Miguel
Formato: eBook
Lenguaje:español
Publicado: Madrid : Dykinson, 2011
Materias:
Acceso en línea:Acceso restringido

MARC

LEADER 00000nam a22000007a 4500
005 20120921141540.0
007 cr|||| ||||
008 120921s2011 sp |||||s|||| 00||0 spa d
020 |a 978-84-15455-03-5 
035 |a 6306 
040 |a vLex 
090 |c 3459  |d 3459 
100 1 |a Pino Abad, Miguel  
245 1 0 |a El delito de juegos prohibidos  |h [Recurso electrn̤ico] :  |b Anl̀isis histr̤ico-jurd̕ico /  |c Miguel Pino Abad  
256 |a Servicio en ln̕ea 
260 |a Madrid :  |b Dykinson,   |c 2011 
300 |a 1 recurso electrn̤ico 
506 1 |a contenido solo disponible en los productos indicados  |d vLex Global   |d vLex Global (Academic Edition, excluding Law Schools)   |d vLex Global (U.S. Academic Edition, Law Schools)   |d vLex Global (U.S. Academic Edition, excluding Law Schools)   |d vLex Global (Academic Edition, Law Schools)  
650 0 4 |a Juegos de azar 
740 0 |a vLex Libros (Servicio en ln̕ea) 
856 4 0 |u http://vlex.com/source/delito-juegos-prohibidos-analisis-historico-juridico-6306  |z Acceso restringido 
942 |c BOOK 
999 0 |a Gambling